Loading...
| MB | 7 | 18 | 2 | 2 | 275 | 17 | 73.40 | 5 | 20 | 0.00 | 0.00 |
| TR | 8 | 6 | 1 | 0 | 175 | 16 | 73.00 | 3 | 13 | 0.00 | 0.00 |
| RR | 6 | 5 | 2 | 0 | 130 | 26 | 71.00 | 3 | 9 | 0.00 | 0.00 |
| AG | 0 | 8 | 1 | 1 | 75 | 88 | 100.88 | 0 | 3 | 0.00 | 0.00 |
| RC | 1 | 7 | 3 | 1 | 70 | 50 | 103.38 | 3 | 6 | 0.00 | 0.00 |
| AR | 1 | 2 | 0 | 0 | 35 | 65 | 80.67 | 1 | 2 | 0.00 | 0.00 |
| AK | 2 | 0 | 0 | 0 | 30 | 43 | 47.50 | 1 | 2 | 0.00 | 0.00 |
| DM | 1 | 2 | 2 | 0 | 25 | 25 | 87.33 | 1 | 2 | 0.00 | 0.00 |
| MV | 1 | 1 | 0 | 0 | 25 | 52 | 68.50 | 0 | 1 | 0.00 | 0.00 |
| 0 | 1 | 0 | 0 | 10 | 75 | 75.00 | 0 | 1 | 0.00 | 0.00 | |
| KD | 0 | 1 | 0 | 0 | 10 | 135 | 135.00 | 0 | 0 | 0.00 | 0.00 |
| AW | 0 | 1 | 0 | 0 | 10 | 107 | 107.00 | 0 | 1 | 0.00 | 0.00 |
| RC> | 0 | 1 | 0 | 0 | 10 | 115 | 115.00 | 0 | 0 | 0.00 | 0.00 |
| BB | 0 | 1 | 0 | 0 | 10 | 68 | 68.00 | 0 | 1 | 0.00 | 0.00 |